000 00466nam a22001695i 4500
001 171521
003 ES-MaACL
005 20250930063150.0
008 090519s1951 sp |||| | spa d
100 1 _aSolano, Antonio,
_d1912-
_9140218
245 1 0 _aPerspectivas /
_cAntonio Solano.
250 _a[1ยช ed.].
260 _aBarcelona :
_bMateu,
_c[1951]
300 _a214 p. ;
_c19 cm.
852 _aES-MaACL
_jD-7888
_9R.32214
999 _c171521
_d171521